| 000 | 00583nam a22001697a 4500 | ||
|---|---|---|---|
| 020 | _qHard Cover. | ||
| 082 | _a620.1 | ||
| 100 | _aKhan, Muhammad Zia Ullah. | ||
| 245 |
_aAnalysis of Micro- Heat Exchanger for High Heat Flux / _cMuhammad Zia Ullah Khan. |
||
| 260 |
_aIslamabad: _bSMME - NUST, _c2018. |
||
| 300 |
_a45 p. : ill. ; _c30cm. |
||
| 650 |
_aMechanical Engineering - MS-Thesis. _916090 |
||
| 700 |
_aDr. Emad Uddin _916253 |
||
| 856 | _uhttp://10.250.8.41:8080/xmlui/handle/123456789/13011 | ||
| 942 |
_2ddc _cTHE |
||
| 999 |
_c532321 _d532321 |
||